00589nam a2200145Ia 4500008004100000020002200041050002100063100002100084245009000105260002200195300001800217500013700235650003100372700004000403120626s9999 xx 000 0 und d a978-968-26-0603-804aQA276 C4318 19851 aCHAO, Lincoln L.10aIntroducción a la estadística cLincoln L. Chao; Ma. de Lourdes Fournier García aMéxico bPatria a536 páginas aContiene: Dedicatoria Índice de contenido Prefacio Apéndices Índice analítico Traducción de: Introduction to statics17aESTADÍSTICA MATEMÁTICA1 aFOURNIER, María de Lourdes, trad.